La pluris petitio nel processo formulare. Contributo allo studio dell'oggetto del processo

Tallennettuna:
Bibliografiset tiedot
Päätekijä: Sacconi, Giuseppina (Tekijä)
Aineistotyyppi: Kirja
Kieli:italia
Julkaistu: Milán Dott. A. Giuffrè 1977
Sarja:Pubblicazioni dell'Istituto de Diritto Romano e dei Diritto dell'Oriente Mediterraneo, 53
Aiheet:
Tagit: Lisää tagi
Ei tageja, Lisää ensimmäinen tagi!

MARC

LEADER 00000nam a2200000 a 4500
001 UCR0954
003 CL-VaPUC
008 971205e19770000IT |||||||||||||||||ita|d
082 0 4 |a 340.54  |b SAC  |2 21 
100 0 |a Sacconi, Giuseppina  |e author  |9 397630 
245 1 3 |a La pluris petitio nel processo formulare. Contributo allo studio dell'oggetto del processo 
300 |a 253 p 
942 |c BK 
945 |d 19971205 00:00:00  |a aolguin 
260 |a Milán  |b Dott. A. Giuffrè  |c 1977 
650 0 |a Derecho romano  |9 255930 
650 0 |a Derecho procesal penal  |9 255496 
650 0 |a Proceso judicial  |9 258564 
583 |a last modification  |c 19971205 00:00:00  |k Rodrigo Vera 
490 0 |a Pubblicazioni dell'Istituto de Diritto Romano e dei Diritto dell'Oriente Mediterraneo, 53 
999 |c 264451  |d 264449 
952 |0 0  |1 0  |4 0  |6 340_540000000000000_SAC_1977  |7 0  |8 DER_ROM  |9 294728  |a BIBDER  |b BIBDER  |d 2019-11-19  |i 1909215  |o 340.54 SAC 1977  |p 1909215  |r 2023-01-25  |w 2019-11-19  |x Ubicación 4to piso  |y BK  |z Este recurso debe solicitarse con anticipación  |k DER